000 00302nam a2200121 a 4500
008 101022s1966|||| d
100 1 _aLazarová, Katarína
245 1 0 _aInterview s labuťami
260 _bSlovenský spisovateľ
_c1966
_aBratislava
020 _c14
041 _aslo
044 _axo
_cSK
999 _c12022
_d12022